[Event "CAN-ch U14"]
[Site "Ottawa"]
[Date "2013.07.12"]
[Round "6"]
[White "Ye, Hanyuan"]
[Black "Lachance, Tristan"]
[Result "1-0"]
[WhiteElo "1750"]
[BlackElo "937"]
[PlyCount "49"]
[EventDate "2013.07.10"]
[EventType "swiss"]
[EventRounds "6"]
[EventCountry "CAN"]
[SourceTitle "EXT 2022"]
[Source "ChessBase"]
[SourceDate "2021.10.06"]
[SourceVersion "1"]
[SourceVersionDate "2021.10.06"]
[SourceQuality "1"]

1. e4 c5 2. Nf3 d6 3. d4 cxd4 4. Nxd4 Nf6 5. Nc3 a6 6. Be3 e5 7. Nb3 g6 8. f3 Bg7 9. Qd2 Nc6 10. 0-0-0 Bf8 11. g4 Be6 12. h4 b5 13. h5 b4 14. Nd5 a5 15. Bb6 Nxe4 16. fxe4 Qb8 17. Bb5 Bxd5 18. Qxd5 Ke7 19. Bxc6 Ra6 20. Rhf1 f6 21. Nc5 Qc8 22. Nxa6 Qxa6 23. Qxd6+ Kf7 24. Be8+ Kxe8 25. Qd7# 1-0